Sports Quiz

Random Sports or NFL Quiz

2011 NFL Team Captains Quiz Stats

 Plays Quiz not verified by Sporcle

Challenge
Share
Tweet
Embed
Score 0/138 Timer 10:00
0 Plays Today
Team/Position Players % Correct
Arizona Cardinals/WRLarry Fitzgerald
91.2%
Atlanta Falcons/QBMatt Ryan
84.3%
Carolina Panthers/WRSteve Smith
79.4%
Philadelphia Eagles/WRDeSean Jackson
78.4%
Buffalo Bills/RBFred Jackson
77.5%
Seattle Seahawks/QBTavaris Jackson
77.5%
Buffalo Bills/QBRyan Fitzpatrick
76.5%
Indianapolis Colts/QBPeyton Manning
76.5%
St.Louis Rams/RBSteven Jackson
76.5%
Atlanta Falcons/TETony Gonzalez
75.5%
Jacksonville Jaguars/LBDaryl Smith
75.5%
New York Giants/QBEli Manning
75.5%
New Orleans Saints/DTWill Smith
74.5%
Cleveland Browns/DERobarie Smith
73.5%
Houston Texans/DEAntonio Smith
73.5%
New York Jets/SEric Smith
73.5%
Houston Texans/WRAndre Johnson
72.5%
Cincinnati Bengals/LBBrandon Johnson
69.6%
Houston Texans/QBMatt Schaub
69.6%
Indianapolis Colts/WRReggie Wayne
67.6%
New York Jets/QBMark Sanchez
67.6%
Minnesota Vikings/DTKevin Williams
64.7%
New York Jets/CBDarelle Revis
64.7%
Philadelphia Eagles/QBMichael Vick
64.7%
Cincinnati Bengals/GBobbie Williams
63.7%
New York Jets/WRSantonio Holmes
63.7%
Oakland Raiders/RBDarren McFadden
63.7%
Chicago Bears/QBJay Cutler
62.7%
Oakland Raiders/QBJason Campbell
62.7%
Atlanta Falcons/DEJohn Abraham
60.8%
Jacksonville Jaguars/RBMaurice Jones-Drew
60.8%
New York Giants/DEJustin Tuck
60.8%
Pittsburgh Steelers/WRHienes Ward
58.8%
Pittsburgh Steelers/QBBen Roethlisberger
58.8%
New England Patriots/QBTom Brady
57.8%
Arizona Cardinals/SAdrian Wilson
56.9%
Houston Texans/LBBrian Cushing
56.9%
Indianapolis Colts/KAdam Vinatieri
56.9%
Buffalo Bills/SGeorge Wilson
55.9%
Dallas Cowboys/QBTony Romo
55.9%
Jacksonville Jahuars/TEMercedes Lewis
55.9%
New Orleans Saints/QBDrew Brees
55.9%
San Diego Chargers/QBPhillip Rivers
55.9%
Chicago Bears/LBBrian Urlacher
54.9%
Denver Broncos/SBrian Dawkins
54.9%
Philadelphia Eagles/CBAsante Samuel
54.9%
Team/Position Players % Correct
Carolina Panthers/LBJon Beason
53.9%
Cleveland Browns/QBColt McCoy
53.9%
Oakland Raiders/PShane Lechler
53.9%
Dallas Cowboys/TEJason Witten
52%
Cincinnati Bengals/RBCedric Benson
51%
Minnesota Vikings/RBAdrian Peterson
51%
Chicago Bears/DEJulius Peppers
50%
Denver Broncos/CBChamp Bailey
49%
Carolina Panthers/TJordan Gross
46.1%
Detroit Lions/KJason Hanson
46.1%
Houston Texans/KNiel Rackers
45.1%
Arizona Cardinals/DTDarnell Dockett
44.1%
Philadelphia Eagles/CBNnamdi Asomugha
44.1%
San Francisco 49ers/RBFrank Gore
44.1%
Dallas Cowboys/LBDeMercus Ware
43.1%
Minnesota Vikings/QBDonovan McNabb
43.1%
Cleveland Browns/WR-KRJoshu Cribbs
42.2%
Denver Broncos/RBWillis McGahee
42.2%
New England Patriots/DTLance Wilfork
42.2%
Miami Dolphins/TJake Long
41.2%
Miami Dolphins/QBChad Henne
41.2%
Oakland Raiders/DTRichard Seymour
41.2%
San Francisco 49ers/LBPatrick Willis
40.2%
Tampa Bay Buccaneers/QBJosh Freeman
40.2%
New England Patriots/LBJerod Mayo
39.2%
Houston Texans/LBDeMeco Ryans
38.2%
New Orleans Saints/LBJonathan Vilma
38.2%
St/Louis Rams/KJosh Brown
38.2%
Washington Redskins/WRSantana Moss
36.3%
Indianapolis Colts/LBGary Brackett
35.3%
New England Patriots/GLogan Mankins
35.3%
Tennessee Titans/QBMatt Hasselbeck
34.3%
Detroit Lions/QBMatthew Staford
32.4%
Kansas City Chiefs/QBMatt Cassell
32.4%
Minnesota Vikings/KRyan Longwell
31.4%
Pittsburgh Steelers/LBJames Farrior
31.4%
Buffalo Bills/PBrian Moorman
30.4%
Cleveland Browns/KPhil Dawson
30.4%
Miami Dolphins/LBKarlos Dansby
30.4%
Minnesota Vikings/LBE.J. Henderson
29.4%
San Diego Chargers/SEric Weddle
29.4%
New England Patriots/CBDevin McCourty
28.4%
Seattle Seahawks/RBLeon Washington
27.5%
Carolina Panthers/LBThomas Davis
26.5%
Buffalo Bills/LBAndra Davis
24.5%
Tampa Bay Buccaneers/CBRande Barber
23.5%
Team/Position Players % Correct
Washington Redskins/LBLondon Fletcher
23.5%
Seattle Seahawks/CBMarcus Trufant
20.6%
Washington Redskins/CBDeAngelo Hall
20.6%
St.Louis Rams/DEJames Hall
19.6%
Tennessee Titans/CBCortland Finnegan
19.6%
Dallas Cowboys/LBBradie James
17.6%
New York Jets/NTNione Pouha
16.7%
San Diego Chargers/FBJacob Hester
16.7%
Cincinnati Bengals/DTDomata Peko
13.7%
Cincinnati Bengals/LBRey Maualuga
13.7%
Jacksonville Jaguars/DEAaron Kampman
13.7%
San Diego Chargers/LBTakeo Spikes
13.7%
Indianapolis Colts/SMelvin Bullitt
12.7%
Miami Dolphins/SYeremiah Bell
12.7%
Chicago Bears/CRoberto Garza
11.8%
Detroit Lions/CDomonic Raiola
11.8%
Tampa Bay Buccaneers/CJeff Faine
11.8%
Carolina Panthers/SCharles Godfrey
10.8%
Detroit Lions/DEKyle Vanden Bosch
10.8%
New Orleans Saints/WR-KRCourtney Roby
10.8%
Atlanta Falcons/PMichael Koenen
9.8%
Jacksonville Jaguars/FBMontell Owens
9.8%
San Diego Chargers/CNick Hardwick
8.8%
Tampa Bay Buccaneers/LBQuincy Black
8.8%
Chicago Bears/CBCorey Graham
7.8%
Cleveland Browns/LBScott Fujita
7.8%
Kansas City Chiefs/LBMike Vrabel
7.8%
New England Patriots/WRMatthew Slater
7.8%
Seattle Seahawks/RBMichael Robinson
7.8%
Arizona Cardinals/CLyle Sendlien
6.9%
New York Giants/LBZak DeOssie
6.9%
Arizona Cardinals/PDave Zastudil
5.9%
Buffalo Bills/LBChris Kelsay
5.9%
Carolina Panthers/PJason Baker
5.9%
Denver Broncos/LBWesley Woodyard
5.9%
Arizona Cardinals/LBPairis Lenon
4.9%
Atlanta Falcons/LBCoy Wire
4.9%
Denver Broncos/CChris Kuper
4.9%
Washington Redskins/FBMike Sellers
4.9%
Oakland Raiders/RBRock Cartwright
3.9%
Dallas Cowboys/PMatt McBrair
2.9%
Jacksonville Jaguars/WRKassim Osgood
2.9%
Kansas City Chiefs/SJon McGraw
2.9%
Pittsburgh Steelers/WRArnaz Battle
2.9%
Tampa Bay Buccaneers/LBAdam Hayward
2.9%
Tennessee Titans/LBTim Shaw
2%

You're not logged in!

Compare scores with friends on all Sporcle quizzes.
Join for Free
OR
Log In

You Might Also Like...

Show Comments

Extras

Created Nov 29, 2011ReportNominate
Tags:NFL Quiz, 2011, captain, player, team

Top Quizzes Today


Score Distribution

Your Account Isn't Verified!

In order to create a playlist on Sporcle, you need to verify the email address you used during registration. Go to your Sporcle Settings to finish the process.

Report this User

Report this user for behavior that violates our Community Guidelines.

Details: